000 01155nas a2200361 4500
001 BR0400443
003 BR-BrBNA
005 20231205104326.0
007 ta
008 230509b bl.|||p| |||| 00| 00por d
040 _aBR-BrBNA
_bpor
_cBiblioteca Nacional de Agricultura
041 _a(Pt)
072 _aL73; L53; L70
100 1 _aSilva, L.A.F.
100 1 _aVeríssimo, A.C.C.
100 1 _aViana Filho, P.R.L.
100 1 _aSilva, O.C.
100 1 _aFioravanti, M.C.S.
100 1 _aRabelo, R.E.
100 1 _aPaula Neto, J.B.
100 1 _aRomani, A.F.
245 1 _aAvaliação do efeito tópico do hipoclorito de sódio associado ao uso parenteral de estreptomicina no tratamento da dermatofilose em bezerros da raça Nelore
650 _aBEZERRO
650 _aGADO NELORE
650 _aESTREPTOTRICOSE CUTÂNEA
650 _aINFECÇÃO CONTAGIOSA
650 _aVETERINÁRIA
650 _aDIAGNÓSTICO
650 _aANÁLISE DE LABORATÓRIO
773 0 _tHora Veterinária (Brazil)
_xISSN 0101-9163
_g(Jul-Aug 2003), v. 23(134) p. 45-48
_wBR0400443
909 _a202311
_bLúcia
_c55
_dLúcia Elande
942 _2AGRIS
_n0
_cANA
999 _c177569
_d177569